Normal view
MARC view
- JOSEPH, LIONEL D
Entry Personal Name
001 - CONTROL NUMBER
- control field: 58283
003 - CONTROL NUMBER IDENTIFIER
- control field: NUST
005 - DATE AND TIME OF LATEST TRANSACTION
- control field: 20210628202111.0
008 - FIXED-LENGTH DATA ELEMENTS
- fixed length control field: 210628|| aca||aabn | a|a d
040 ## - CATALOGING SOURCE
- Original cataloging agency: NUST
- Transcribing agency: NUST
100 ## - HEADING--PERSONAL NAME
- Personal name: JOSEPH, LIONEL D
670 ## - SOURCE DATA FOUND
- Source citation: Work cat.: (NUST): JOSEPH, LIONEL D, SMALL SCALE ALUMINIUM CASTING, 1961
